Top 100 Busiest North American Airports by IATA Code - Statistics

General Stats
  • This quiz has been taken 167 times
  • The average score is 67 of 99
Answer Stats
IATA City % Correct
ATL Atlanta
100%
LAX Los Angeles
100%
DEN Denver
98%
SFO San Francisco
98%
MIA Miami
97%
JFK New York
97%
LGA New York
97%
PHX Phoenix
97%
SEA Seattle
97%
ORD Chicago
96%
MDW Chicago
96%
DFW Dallas
96%
DAL Dallas
96%
IAH Houston
96%
HOU Houston
96%
BOS Boston
95%
LAS Las Vegas
95%
MCO Orlando
94%
ORL Orlando
94%
PHL Philadelphia
93%
CLE Cleveland
90%
BUF Buffalo
89%
IND Indianapolis
89%
SAN San Diego
89%
TPA Tampa
89%
DCA Washington
89%
IAD Washington
89%
SJC San Jose
88%
YYZ Toronto
88%
YTZ Toronto
88%
CLT Charlotte
87%
AUS Austin
86%
EWR Newark
86%
OAK Oakland
86%
PIT Pittsburgh
86%
DTW Detroit
85%
YUL Montreal
85%
YVR Vancouver
85%
JAX Jacksonville
84%
MSP Minneapolis
84%
SLC Salt Lake City
84%
STL St Louis
84%
BWI Baltimore
83%
OMA Omaha
83%
YYC Calgary
82%
YEG Edmonton
82%
PDX Portland
82%
PWM Portland
82%
ANC Anchorage
81%
FLL Fort Lauderdale
79%
MCI Kansas City
78%
ABQ Albuquerque
77%
BNA Nashville
77%
MSY New Orleans
76%
CVG Cincinnati
75%
CMH Columbus
75%
ONT Ontario
75%
SAT San Antonio
75%
HNL Honolulu
73%
RDU Raleigh
70%
MKE Milwaukee
69%
YOW Ottawa
68%
ELP El Paso
66%
SMF Sacramento
66%
YWG Winnipeg
65%
ALB Albany
61%
YQB Quebec
61%
YHZ Halifax
57%
PVD Providence
57%
ROC Rochester
57%
SYR Syracuse
57%
TLH Tallahassee
56%
SNA Santa Ana
46%
LGB Long Beach
44%
BTV Burlington
42%
BUR Burbank
41%
FAT Fresno
40%
YXE Saskatoon
40%
RSW Fort Myers
38%
YQR Regina
37%
YYJ Victoria
37%
PBI West Palm Beach
34%
LIH Lihue
30%
AMA Amarillo
27%
PSP Palm Springs
27%
PNS Pensacola
27%
SRQ Sarasota
27%
KOA Kona
26%
MHT Manchester
26%
SBA Santa Barbara
26%
ISP Islip
25%
ECP Panama City
25%
ITO Hilo
19%
PIE St Petersburg
19%
HPN White Plains
17%
YLW Kelowna
16%
BDL Windsor Locks
15%
MFE Mcallen
11%
SFB Sanford
7%
No matching quizzes found
Score Distribution
Percent of People with Each Score
Percentile by Number Answered
Your Score History
You have not taken this quiz